000 00338nam a2200121Ia 4500
008 231129s9999||||xx |||||||||||||| ||spa||
020 _a84-226-1805-2 ( v.1)
040 _bspa
082 _aR 036.1 G748
245 0 _aGran Enciclopedia Ilustrada Circulo
264 _aCirculo de Lectores.
942 _2ddc
_cBKS
999 _c14609
_d14609